000 00671nam a2200289Ia 4500
005 20260324142829.0
008 008 260324s9999 xx 000 0 eng d
020 _a9780429493614
037 _aEBOOK
040 _aCRL
040 _beng
040 _cCRL
041 _2eng
041 _aeng
084 _qCRL
100 _aBernard Reich
_91213389
245 0 _aIsrael
245 0 _bLand Of Tradition And Conflict, Second Edition
260 _bTaylor and Francis
260 _c1993
365 _a
365 _b145
856 _uhttp://www.taylorfrancis.com/books/9780429493614
942 _cEBOOK
999 _c1818054
_d1818054